¿Es la forma de la mano una unidad de acceso a la Lengua de Signos Española : LSE /

Las lenguas de signos presentan una oportunidad excelente para investigar los mecanismos psicológicos implicados en el acceso léxico cuando el lenguaje se expresa en una modalidad diferente, permitiendo aislar los procesos comunes a todas las lengua de aquellos derivados del uso de la modalidad visu...

Descripción completa

Detalles Bibliográficos
Autor principal: Gutiérrez, Eva
Otros Autores: Mena, Yaiza, Baquero, Silvia
Formato: Analitica de revista
Lenguaje:español

MARC

LEADER 00000cab a2200000 a 4500
001 029092
003 UAHC_CL
005 20180604133424.0
008 040428b xx j 000 1 spa
952 |0 0  |1 0  |4 0  |6 COGNITIVA_02_06_000000000000000  |7 0  |8 General  |9 57207  |a BC  |b BC  |c General  |d 2017-08-03  |l 0  |o COGNITIVA-02/06  |p FICTICIO1760  |r 2019-01-08 00:00:00  |t 1  |w 2017-08-03  |y REVA 
999 |c 29092  |d 29092 
040 |a UAHC_CL  |c UAHC_CL  |d UAHC_CL 
100 1 |a Gutiérrez, Eva 
245 1 0 |a ¿Es la forma de la mano una unidad de acceso a la Lengua de Signos Española :  |b LSE /  |c Eva Gutiérrez, Silvia Baquero y Yaiza Mena. 
300 |a pp. 111-121 
500 |a Cognitiva (España), 2006, 18 (2), 111-121 
520 |a Las lenguas de signos presentan una oportunidad excelente para investigar los mecanismos psicológicos implicados en el acceso léxico cuando el lenguaje se expresa en una modalidad diferente, permitiendo aislar los procesos comunes a todas las lengua de aquellos derivados del uso de la modalidad visual-gestual. Este trabajo tiene como objetivo investigar el papel de la configuración de la mano, uno de los parámetros "fonológicos" de la lengua de signos, sobre el procesamiento en tiempo real de la lengua de signos española (LSE). Para ello se llevó a cabo un experimento usando la tarea de "signado" en el que se manipularon la frecuencia léxica y configuración de la mano, pudiendo ser esta última común o poco común. Los resultados mostraron el efecto esperado de frecuencia léxica en función de la configuración de la mano; para los signos de baja frecuencia léxica se halló un efecto facilitador, siendo los signos con configuraciones comunes reconocidos con mayor rapidez y número de aciertos que los signos realizados con configuraciones poco comunes. Estos resultados suponen, en primer lugar, la replicación de un efecto tradicionalmente encontrado para las lenguas orales, el efecto de frecuencia léxica. Por otro lado, los datos indican la existencia de un procesamiento subléxico en la lengua de signos y sugieren la importancia de la configuración de la mano en dicho procesamiento. 
700 1 |a Mena, Yaiza 
700 1 |a Baquero, Silvia 
773 0 |t Cognitiva.  |w 029031 
900 |a COGNITIVA-02/06 
942 |c REVA  |2 ddc